| 000 | 00766cam a22002651 4500 | ||
|---|---|---|---|
| 001 | 25289 | ||
| 003 | BD-RjUL | ||
| 005 | 20211209050846.0 | ||
| 008 | 140316s1951 xx 001 0 eng | ||
| 035 | _a(BD-RjUL)25358 | ||
| 035 | _a(OCoLC)611794 | ||
| 040 |
_aDLC _cOCU _dUk _dDLC _beng |
||
| 041 | _aeng | ||
| 082 |
_a945 _bLOK 1951 |
||
| 100 | 1 |
_aLothian, Arthur Cunningham, _d1887- _977775 |
|
| 245 | 1 | 0 |
_aKingdoms of yesterday / _cWith a foreword by Compton Mackenzie. |
| 250 | _a[1st ed.] | ||
| 260 |
_aLondon : _bMurray, _c1951 |
||
| 300 |
_aviii, 228 p. : _billus., map. ; _c22 cm. |
||
| 504 | _aIncludes index | ||
| 651 | 0 |
_aIndia _xPolitics and government _y1765-1947. _977776 |
|
| 942 |
_2ddc _cBK |
||
| 999 |
_c25289 _d25289 |
||